[Event "Vienna op 18th"]
[Site "Vienna"]
[Date "2013.08.23"]
[Round "7"]
[White "Moser, Eva"]
[Black "Pirrot, Dieter"]
[Result "0-1"]
[WhiteElo "2433"]
[BlackElo "2377"]
[PlyCount "144"]
[EventDate "2013.08.17"]
[EventType "swiss"]
[EventRounds "9"]
[EventCountry "AUT"]
[SourceTitle "CBM 156 Extra"]
[Source "ChessBase"]
[SourceDate "2013.10.22"]
[SourceVersion "1"]
[SourceVersionDate "2013.10.22"]
[SourceQuality "1"]

1. e4 e6 2. d3 d5 3. Nd2 Nf6 4. Ngf3 Be7 5. g3 b6 6. Qe2 dxe4 7. dxe4 Ba6 8. Nc4 Nc6 9. e5 Nd5 10. Qe4 Ndb4 11. c3 Qd5 12. Qxd5 Nxd5 13. Bd2 0-0 14. 0-0-0 Bc5 15. Be1 Bb7 16. Be2 a5 17. Ncd2 a4 18. Ne4 a3 19. b4 Be7 20. Rg1 h6 21. Kc2 Na7 22. Ned2 Rfc8 23. Nb3 Bc6 24. Kb1 Ba4 25. Rc1 c5 26. bxc5 bxc5 27. Nfd2 Rab8 28. Ka1 Nc6 29. f4 f6 30. Bg4 Kf7 31. exf6 Bxf6 32. Ne4 Bxb3 33. axb3 Na5 34. Bd1 c4 35. Nd6+ Kf8 36. bxc4 Rc6 37. cxd5 Rxd6 38. dxe6 Rb2 39. Ba4 Rxe6 40. Rc2 Rxc2 41. Bxc2 Rxe1+ 42. Rxe1 Bxc3+ 43. Ka2 Bxe1 44. Kxa3 Nc6 45. Kb2 Bf2 46. Be4 Ne7 47. g4 Be3 48. f5 Bg5 49. Kc2 Kf7 50. Kd3 Kf6 51. Ke2 Ke5 52. Kf3 Bh4 53. Bb7 Kf6 54. Kf4 Be1 55. h3 Bh4 56. Ke4 Bg3 57. Kf3 Bd6 58. h4 Ke5 59. Be4 Bb4 60. Bb1 Bd2 61. Ke2 Bc1 62. Kf3 Nc6 63. Kg3 Bd2 64. Kf3 Nd4+ 65. Kg3 Be1+ 66. Kh3 Kf4 67. f6 gxf6 68. h5 Kf3 69. Ba2 Ne2 70. Bd5+ Kf2 71. Bb7 Kg1 72. g5 f5 0-1

[Event "Vienna op 18th"]
[Site "Vienna"]
[Date "2013.08.19"]
[Round "3"]
[White "Moser, Eva"]
[Black "Menezes, Christoph"]
[Result "1-0"]
[WhiteElo "2433"]
[BlackElo "2236"]
[PlyCount "45"]
[EventDate "2013.08.17"]
[EventType "swiss"]
[EventRounds "9"]
[EventCountry "AUT"]
[SourceTitle "CBM 156 Extra"]
[Source "ChessBase"]
[SourceDate "2013.10.22"]
[SourceVersion "1"]
[SourceVersionDate "2013.10.22"]
[SourceQuality "1"]

1. e4 c5 2. c3 d5 3. exd5 Qxd5 4. d4 Nf6 5. Nf3 e6 6. a3 Nc6 7. Be3 cxd4 8. cxd4 Be7 9. Nc3 Qd6 10. Bd3 0-0 11. 0-0 Rd8 12. Qe2 Bd7 13. Rad1 Rac8 14. Rfe1 Be8 15. Bb1 Nb8 16. Bg5 Bc6 17. Ne5 Bd5 18. Bxf6 Bxf6 19. Bxh7+ Kf8 20. Bb1 Bxe5 21. dxe5 Qc6 22. Qh5 Bxg2 23. Rxd8+ 1-0

[Event "Styrian op-A"]
[Site "Bad Gleichenberg"]
[Date "2013.07.13"]
[Round "8"]
[White "Schnider, Gert"]
[Black "Moser, Eva"]
[Result "1/2-1/2"]
[WhiteElo "2353"]
[BlackElo "2446"]
[PlyCount "124"]
[EventDate "2013.07.06"]
[EventType "swiss"]
[EventRounds "9"]
[EventCountry "AUT"]
[SourceTitle "CBM 155 Extra"]
[Source "ChessBase"]
[SourceDate "2013.08.26"]
[SourceVersion "1"]
[SourceVersionDate "2013.08.26"]
[SourceQuality "1"]

1. Nf3 Nf6 2. d4 a6 3. e3 g6 4. b3 Bg7 5. Bb2 0-0 6. Bd3 d6 7. 0-0 Nbd7 8. Nbd2 Re8 9. Re1 e5 10. dxe5 Nxe5 11. Nxe5 dxe5 12. e4 Nd7 13. Bf1 Nc5 14. Nc4 Qxd1 15. Raxd1 b6 16. Ne3 Bb7 17. Nd5 Ne6 18. Ba3 f6 19. c3 h5 20. h4 Kh7 21. g3 g5 22. hxg5 fxg5 23. Ne7 Bf8 24. Rd7 Rad8 25. Red1 Rxd7 26. Rxd7 Rd8 27. Rxd8 Nxd8 28. f3 Nf7 29. Bc4 Nh6 30. Be6 Kg7 31. Nf5+ Nxf5 32. Bxf8+ Kxf8 33. Bxf5 Kg7 34. Kf2 Bc6 35. Ke3 a5 36. a3 Kf6 37. b4 Be8 38. Bc8 Bf7 39. Bd7 Be6 40. Be8 Bf7 41. Bb5 h4 42. Kf2 Be6 43. Kg2 Ke7 44. Kh2 Kf6 45. Kg2 Bb3 46. Be2 c5 47. Kh3 Be6+ 48. Kg2 cxb4 49. cxb4 Ke7 50. Kh2 Kd6 51. Bb5 Ke7 52. Bf1 Kf6 53. Bb5 Kg6 54. Be8+ Kh6 55. Bb5 Bb3 56. Be2 axb4 57. axb4 Kh5 58. Kg2 Be6 59. Kf2 g4 60. gxh4 Kxh4 61. fxg4 Bxg4 62. Bb5 Kg5 1/2-1/2

[Event "Vienna (Women)"]
[Site "Vienna"]
[Date "2013.05.19"]
[Round "2"]
[White "Moser, Eva"]
[Black "Newrkla, Katharina"]
[Result "1-0"]
[WhiteElo "2453"]
[BlackElo "2133"]
[PlyCount "59"]
[EventDate "2013.05.18"]
[EventType "tourn"]
[EventRounds "9"]
[EventCountry "AUT"]
[SourceTitle "CBM 154 Extra"]
[Source "ChessBase"]
[SourceDate "2013.06.25"]
[SourceVersion "2"]
[SourceVersionDate "2013.06.25"]
[SourceQuality "1"]

1. e4 e5 2. Nf3 Nc6 3. d3 Nf6 4. Be2 d5 5. Nbd2 Bc5 6. 0-0 0-0 7. c3 a5 8. a4 Re8 9. h3 h6 10. Re1 b6 11. Qc2 Bb7 12. Nf1 Qd7 13. Ng3 Bf8 14. Bd2 Rad8 15. Rad1 Qc8 16. Bc1 d4 17. Rf1 Rd7 18. Nh2 Qd8 19. Kh1 Ne7 20. cxd4 Rxd4 21. Nf3 Nc6 22. Nxd4 Nxd4 23. Qb1 Nd7 24. Bg4 Nc5 25. Ne2 Nxa4 26. Nxd4 Qxd4 27. Be3 Qb4 28. f4 exf4 29. Rxf4 Rd8 30. Qa2 1-0

[Event "AUT-chT2M 1213"]
[Site "Austria"]
[Date "2013.03.22"]
[Round "6.6"]
[White "Rieger, Robert"]
[Black "Moser, Eva"]
[Result "0-1"]
[WhiteElo "2124"]
[BlackElo "2443"]
[PlyCount "108"]
[EventDate "2012.10.19"]
[EventType "team-tourn"]
[EventRounds "11"]
[EventCountry "AUT"]
[SourceTitle "EXT 2014"]
[Source "ChessBase"]
[SourceDate "2013.11.20"]
[SourceVersion "1"]
[SourceVersionDate "2013.11.20"]
[SourceQuality "1"]
[WhiteTeam "Maria Saal"]
[BlackTeam "Wolfsberg"]
[WhiteTeamCountry "AUT"]
[BlackTeamCountry "AUT"]

1. e4 e6 2. d4 d5 3. Nc3 Nf6 4. e5 Nfd7 5. f4 c5 6. Nf3 Nc6 7. Be3 Be7 8. Qd2 a6 9. Be2 b5 10. a3 Qb6 11. Nd1 f6 12. c3 0-0 13. 0-0 cxd4 14. cxd4 Na5 15. Rb1 Nc4 16. Bxc4 bxc4 17. Nc3 f5 18. Qc2 Qc6 19. a4 a5 20. Nd2 Ba6 21. Ra1 Rab8 22. Rfc1 Rb4 23. Na2 Rb7 24. b3 Rc8 25. bxc4 dxc4 26. Nc3 Nb6 27. Ndb1 Bb4 28. h3 Rf7 29. Kh2 Kh8 30. Ra2 Rg8 31. Rg1 Bb7 32. Qe2 Qd7 33. Bf2 Bc6 34. d5 Nxd5 35. Qxc4 Rc8 36. Qd4 Nxc3 37. Nxc3 Bxc3 38. Qxc3 Bd5 39. Qa3 Bxa2 40. Qxa2 Qc6 41. Be3 h6 42. Rd1 Qc4 43. Rd8+ Kh7 44. Qxc4 Rxc4 45. Re8 Rxa4 46. Rxe6 Re4 47. Bc5 a4 48. Ra6 Rc7 49. Bf8 Rc8 50. Ba3 Rxf4 51. e6 Re4 52. e7 Kg8 53. Ra5 g6 54. Rd5 Re8 0-1